| 000 | 00714nam a22002177a 4500 | ||
|---|---|---|---|
| 005 | 20251108170828.0 | ||
| 008 | 250721s1995 xx 000 0 ara d | ||
| 082 | 1 | 4 | _a956.0669/بوو |
| 100 | 1 | _aبوول، ستانلي لين | |
| 245 | 1 | 0 | _aصلاح الدين و سقوط مملكة القدس / |
| 264 | 1 |
_aالقاهرة : _bوكالة الأهرام للتوزيع، _c1995. |
|
| 300 | _a363ص. | ||
| 650 | 1 | 7 | _aتاريخ العرب |
| 650 | 1 | 7 | _aتاريخ فلسطين |
| 650 | 1 | 7 | _aالأيوبيون 1252-1174 |
| 650 | 1 | 7 | _aمعركة حطين |
| 650 | 1 | 7 | _aالحروب الصليبية |
| 700 | 1 |
_aأبو صابر، فاروق سعيد _eترجمة |
|
| 942 |
_2ddc _cBK |
||
| 999 |
_c49986 _d49986 |
||